Normal view MARC view

Entry Topical Term

Number of records used in: 4

001 - CONTROL NUMBER

  • control field: 26948

003 - CONTROL NUMBER IDENTIFIER

  • control field: OSt

005 - DATE AND TIME OF LATEST TRANSACTION

  • control field: 20230628101012.0

008 - FIXED-LENGTH DATA ELEMENTS

  • fixed length control field: 230628|| aca||aabn | a|a d

040 ## - CATALOGING SOURCE

  • Original cataloging agency: OSt
  • Transcribing agency: OSt

150 ## - HEADING--TOPICAL TERM

  • Topical term or geographic name entry element: ပိုၼ်းၽြႃး

670 ## - SOURCE DATA FOUND

  • Source citation: Work cat.: (OSt): ဝုၼ်းၸုမ်ႉ၊ ၸဝ်ႈသိၼ်ထမ်းၶူးဝႃး။ 26947, ပိုၼ်းၽြႃးပုတ်ႉထၸဝ်ႈ ဢၼ်ၸဝ်ႈပေႃႈသိၼ်ထမ်း ဝုၼ်းၸုမ်ႉတေႇသၼႃႇဝႆႉ /, 2013 ။

Library - 09407999929
Admin Office - 09407999979
Dean Office - 09250910768
Registrar Office - 09892297154
Email - [email protected]
Shan State Buddhist University, Phaya Phyu Taunggyi, Shan State, Myanmar.